Osiedla Kielc - Statystyki

Ogólne statystyki
  • Ten quiz został rozwiązany 205 razy
  • Średni wynik to 6 z 14
Statystyki odpowiedzi
Hint Odpowiedź % Poprawnych
Zginiesz tam Czarnów
89%
KFC Ślichowice
81%
Nora Łukasza Barwinek
66%
Jak swędzą cię zęby to jedż na... Herby
61%
Kaufland Na Stoku
57%
Babcia Radka Sady
56%
Tam gdzie jeszcze kebaba nie jedliśmy KSM
54%
Ściegwagon Szydłówek
42%
Dziewczyna Łysego Słoneczne Wzgórze
39%
Śmietnisko Sieje
30%
Oddzielne maisto Bukówka
29%
Dziura Wietrznia
8%
Jak sie do Sarby jedzie Karczxówka
1%
Ośka Kochanowksiego
1%
Nie znaleziono quizów pasujących do podanych kryteriów
Rozkład punktacji
Procent ludzi z każdym wynikiem
Percentyl według liczby udzielonych odpowiedzi
Twoja historia wyników
Nie rozwiązałeś tego quizu